01014nam a2200241 a 450000100100000000500170001000800410002704000250006804100390009308200130013210000190014524000550016424501120021926001080033130000280043949000170046749000740048453400670055850000220062570000340064783000740068183000170075500002380920200930022500.0110113s1972 mx 001 0 spa d aDO-SdBNPbspacBNPHU17aspaheng2Código de idiomas MARC ann*bnn*1 aParker, Harry.10aSimplified design of structural timber.lEspañol10aDiseño simplificado de estructuras de madera /cHarry Parker M. C. ; traducción Jose Luis Lepe Saucedo. aMéxico, D. F. :bCentro Regional de Ayuda Técnica. Agencia para el Desarrollo Internacional,c1972. a294 p. :bil. ;c22 cm.1 aLimusa Wiley1 aTextos simplificados para arquitectura, ingeniería y construcciones aTítulo en inglés :tSimplified design of structural timber aIncluye índice.1 aLepe Saucedo, Jose Luis,etr. 0aTextos simplificados para arquitectura, ingeniería y construcciones 0aLimusa Wiley